000 01430nam a2200217 a 4500
001 000036997
005 20200930080055.0
008 120207s2011 dr 000 0 spa d
020 _a9789945864847
040 _aDO-SdBNP
_bspa
_cBNPHU
082 _a345.97293
_bJ82p
100 1 _aJorge Prats, Eduardo
_917747
245 1 4 _aLos peligros del popularismo penal /
_cEduardo Jorge Prats.
260 _aSanto Domingo :
_bIUS Novum,
_c2011.
300 _a109 p. ;
_c22 cm.
505 1 _tPresentación --
_tDefiniendo el populismo penal --
_tLos peligros del populismo penal --
_tLos efectos del populismo penal sobre la garantía constitucional del debido proceso --
_tPopulismo penal y casación --
_tEl populismo penal se agudiza en una democracia iliberal --
_t¿Hacia dónde nos lleva el populismo penal? La necesidad de reivindicar el derecho penal liberal --
_tCómo salir del populismo penal y caminar el sendero de la seguridad ciudadana en democracia y libertad --
_tLa defensa de la constitución contra el populismo penal --
_tLlevando el Estado a su propia legalidad : la lucha por el derecho y el derecho de la lucha ("Derecho en acción") --
_tPor una ciencia crítica del derecho --
_tA modo de conclusión : el fin del derecho penal.
590 _aInventariado,2018/DG
650 4 _aDerecho penal
_zRepública Dominicana
_916470
650 4 _aInseguridad (problema social)
_912706
910 _aValidado. Control de calidad BNPHU
999 _c36487
_d36487